LIBRARY & INFORMATION CENTRE, KCAET, TAVANUR

ONLINE PUBLIC ACCESS CATALOGUE (OPAC)

Mechanistic or a human society / (Record no. 5995)

MARC details
000 -LEADER
fixed length control field 00411cam a2200169ua 4500
041 ## - LANGUAGE CODE
Language code of text/sound track or separate title eng
082 ## - DEWEY DECIMAL CLASSIFICATION NUMBER
Classification number 301
Item number WEL/ME
100 ## - MAIN ENTRY--AUTHOR NAME
Personal name Wellock, Wilfred .
245 ## - TITLE STATEMENT
Title Mechanistic or a human society /
260 ## - PUBLICATION, DISTRIBUTION, ETC. (IMPRINT)
Place of publication :
Name of publisher Sarvodaya Prachuralaya ,
Year of publication 1968.
300 ## - PHYSICAL DESCRIPTION
Number of Pages 32 ; .
942 ## - ADDED ENTRY ELEMENTS (KOHA)
Koha item type Books
Holdings
Withdrawn status Lost status Damaged status Home library Current library Date acquired Full call number Accession Number Koha item type
Withdrawn     KAUAET Sanskrit University 07/04/2012 301 12072 Books
free website counter